000 01025cam a2200349 a 4500
001 6472
003 FISKH
005 20250506101718.0
008 090410s2010 nyua j 000 1 eng
010 _a 2009012672
020 _a9781416991410 (hardcover : alk. paper)
020 _a9780545390347
020 _a1416991417 (hardcover : alk. paper)
040 _aDLC
_cDLC
_dDLC
_beng
050 _aPZ8.B175 L
082 _a 813.6
100 1 _aBaker, Keith,
_d1953-
245 1 0 _aLMNO peas /
_cKeith Baker.
260 _aNew York :
_bScholastic,
_c2010.
300 _a34 pages :
_bcolor illustrations ;
_c26 cm
505 _aG
520 _aBusy little peas introduce their favorite occupations, from astronaut to zoologist.
521 _a390
_bLexile AD
521 _aG
_bRaz-Plus
650 1 _aStories in rhyme.
650 1 _aPeas
_vFiction.
650 1 _aOccupations
_vFiction.
650 1 _aAlphabet.
906 _a7
_bcbc
_corignew
_d1
_eecip
_f20
_gy-gencatlg
942 _2ddc
_cBK
_n0
999 _c6472
_d6472